| 000 | 00769cac a22002411u 4500 | ||
|---|---|---|---|
| 008 | 081102t1981 nyu|||||r|||| 001 0 eng d | ||
| 010 | _a80024978 | ||
| 020 | _a0471081329 | ||
| 082 | 0 | 0 |
_a001.5436 _bKON _222 |
| 100 |
_aKonheim, Alan G., _933549 |
||
| 245 | 1 | 0 |
_aCryptography, a primer / _cAlan G. Konheim. |
| 260 |
_aNew York : _bWiley, _cc1981. |
||
| 300 |
_axiv, 432 p. : _bill. ; _c24 cm. |
||
| 500 | _a"A Wiley-interscience publication." | ||
| 500 | _aIncludes index. | ||
| 500 | _aDonations | ||
| 500 | _aDonations - Dr. Mostafa Gouda | ||
| 504 | _aBibliography: p. 365-370. | ||
| 650 | 0 |
_aCryptography. _933550 |
|
| 650 | 0 |
_aComputer security. _933551 |
|
| 650 | 0 |
_aTelecommunication _xSecurity measures. _933552 |
|
| 942 |
_cBB _k001.5436K823 _2ddc |
||
| 999 |
_c1845 _d1845 |
||